[Event "Titled Tuesday intern op 05th Sep Early"]
[Site "Chess.com INT"]
[Date "2023.09.05"]
[Round "7"]
[White "Vaglio Munoz, Jaime"]
[Black "Lohani, Sujana"]
[Result "1-0"]
[WhiteElo "2174"]
[BlackElo "1756"]
[PlyCount "51"]
[EventDate "2023.09.05"]
[EventType "swiss (blitz)"]
[EventRounds "11"]
[EventCountry "USA"]
[SourceTitle "EXT 2024"]
[Source "ChessBase"]
[SourceDate "2023.10.10"]
[SourceVersion "1"]
[SourceVersionDate "2023.10.10"]
[SourceQuality "1"]

1. e4 c5 2. a3 Nc6 3. b4 cxb4 4. axb4 Nxb4 5. c3 Nc6 6. d4 d5 7. exd5 Qxd5 8. Na3 e5 9. Nb5 Bd6 10. Ba3 Qe4+ 11. Ne2 Bxa3 12. Rxa3 Kf8 13. d5 Nd8 14. Ra4 Qf5 15. Ng3 Qd7 16. d6 a6 17. Nc7 Rb8 18. Be2 Nf6 19. 0-0 Nc6 20. h3 g6 21. Rh4 Kg7 22. Qd2 h5 23. Qg5 Nh7 24. Nxh5+ Kf8 25. Qh6+ Kg8 26. Qg7# 1-0

[Event "Titled Tuesday intern op 29th Aug Early"]
[Site "Chess.com INT"]
[Date "2023.08.29"]
[Round "6"]
[White "Garcia Correa, Jose Ricardo"]
[Black "Vaglio Munoz, Jaime"]
[Result "1/2-1/2"]
[WhiteElo "2103"]
[BlackElo "2174"]
[PlyCount "117"]
[EventDate "2023.08.29"]
[EventType "swiss (blitz)"]
[EventRounds "11"]
[EventCountry "USA"]
[SourceTitle "EXT 2024"]
[Source "ChessBase"]
[SourceDate "2023.10.10"]
[SourceVersion "1"]
[SourceVersionDate "2023.10.10"]
[SourceQuality "1"]

1. e4 c5 2. Nf3 Qa5 3. Nc3 a6 4. d4 b5 5. dxc5 e6 6. Be3 b4 7. Nb1 Bxc5 8. Bxc5 Qxc5 9. Bd3 Nf6 10. 0-0 Bb7 11. Nbd2 d6 12. Re1 Nc6 13. Nb3 Qb6 14. a4 0-0 15. a5 Qc7 16. Qd2 h6 17. Qf4 Ne5 18. Nxe5 dxe5 19. Qd2 Rab8 20. Re3 Rfd8 21. Rae1 Qd6 22. Qe2 Kf8 23. h4 Rbc8 24. g4 g5 25. Rh3 Ke7 26. h5 Rc7 27. Re3 Rdc8 28. Kh2 Nd7 29. Rd1 Qc6 30. Rd2 Qa4 31. Qf3 Nc5 32. Nxc5 Rxc5 33. b3 Qxa5 34. Bc4 Rxc4 35. bxc4 Rxc4 36. Red3 Rc7 37. Qe3 Qb5 38. f3 a5 39. Qf2 a4 40. Qe1 a3 41. Qa1 Bc6 42. Qa2 Qc5 43. Qb3 Bb5 44. Rd8 Rd7 45. R8xd7+ Bxd7 46. Qd3 Qc7 47. Qa6 Bc8 48. Qa8 Qc3 49. Qa7+ Kf8 50. Qf2 a2 51. Rd8+ Ke7 52. Rxc8 Qxc8 53. Qa7+ Qd7 54. Qxa2 Qd2+ 55. Kg3 Qe1+ 56. Kg2 Qd2+ 57. Kg3 Qe1+ 58. Kg2 Qd2+ 59. Kg3 1/2-1/2

[Event "Titled Tuesday intern op 29th Aug Late"]
[Site "Chess.com INT"]
[Date "2023.08.29"]
[Round "5"]
[White "Haszon, David"]
[Black "Vaglio Munoz, Jaime"]
[Result "1-0"]
[WhiteElo "2250"]
[BlackElo "2174"]
[PlyCount "87"]
[EventDate "2023.08.29"]
[EventType "swiss (blitz)"]
[EventRounds "11"]
[EventCountry "USA"]
[SourceTitle "EXT 2024"]
[Source "ChessBase"]
[SourceDate "2023.10.10"]
[SourceVersion "1"]
[SourceVersionDate "2023.10.10"]
[SourceQuality "1"]

1. d4 c6 2. e4 d5 3. f3 dxe4 4. fxe4 Nf6 5. e5 Nd5 6. Nf3 Bg4 7. Nc3 Nxc3 8. bxc3 e6 9. Bd3 Be7 10. 0-0 Nd7 11. Rb1 b6 12. Qe1 Bh5 13. Qg3 Bg6 14. Bg5 0-0 15. Qh4 Re8 16. Rf2 Nf8 17. Rbf1 Bxd3 18. cxd3 Ng6 19. Qh5 Rf8 20. Bxe7 Qxe7 21. Ng5 h6 22. Nxf7 Rxf7 23. Rxf7 Qxf7 24. Rxf7 Kxf7 25. Qf3+ Kg8 26. Qxc6 Rf8 27. Qxe6+ Kh7 28. g3 Rf3 29. Qc4 Re3 30. Kf2 Nxe5 31. Kxe3 Nxc4+ 32. dxc4 g6 33. c5 Kg7 34. cxb6 axb6 35. c4 Kf6 36. c5 Ke6 37. cxb6 Kd6 38. a4 Kc6 39. a5 Kb7 40. Ke4 g5 41. Kf5 h5 42. Kxg5 h4 43. Kxh4 Ka6 44. g4 1-0

[Event "Titled Tuesday intern op 29th Aug Late"]
[Site "Chess.com INT"]
[Date "2023.08.29"]
[Round "10"]
[White "Vaglio Munoz, Jaime"]
[Black "Fernandez, Maria Florencia"]
[Result "1-0"]
[WhiteElo "2174"]
[BlackElo "2060"]
[PlyCount "143"]
[EventDate "2023.08.29"]
[EventType "swiss (blitz)"]
[EventRounds "11"]
[EventCountry "USA"]
[SourceTitle "EXT 2024"]
[Source "ChessBase"]
[SourceDate "2023.10.10"]
[SourceVersion "1"]
[SourceVersionDate "2023.10.10"]
[SourceQuality "1"]

1. Nf3 d6 2. b4 Nf6 3. Bb2 g6 4. g3 Bg7 5. Bg2 0-0 6. 0-0 e5 7. a4 Nc6 8. b5 Ne7 9. c4 Ne8 10. d3 f5 11. Nfd2 g5 12. Nc3 f4 13. Nce4 g4 14. f3 h5 15. Nb3 Nf5 16. d4 Ne3 17. Qd3 Nxf1 18. Rxf1 Bf5 19. d5 Nf6 20. Nxf6+ Qxf6 21. Qd2 fxg3 22. hxg3 Qg6 23. f4 exf4 24. Rxf4 Bxb2 25. Qxb2 Rae8 26. Nd4 Bd7 27. Qd2 Rxf4 28. Qxf4 Rf8 29. Qe3 Qf6 30. Ne6 Re8 31. Be4 Kh8 32. Nxc7 Rc8 33. b6 axb6 34. Qxb6 Bxa4 35. c5 Qd4+ 36. Kh2 Qxe4 37. Qxd6 Qxe2+ 38. Kh1 Qf3+ 39. Kh2 Qf2+ 40. Kh1 Qf1+ 41. Kh2 Rxc7 42. Qxc7 Qf2+ 43. Kh1 Qf3+ 44. Kh2 Qxd5 45. Qf4 Bc6 46. Qh6+ Kg8 47. Qg6+ Kf8 48. Qf6+ Ke8 49. Qh8+ Kd7 50. Qg7+ Ke6 51. Qg6+ Ke7 52. Qg7+ Qf7 53. Qe5+ Kf8 54. Qh8+ Ke7 55. Qe5+ Kd7 56. Qd6+ Ke8 57. Qe5+ Kf8 58. Qh8+ Qg8 59. Qf6+ Ke8 60. Qe5+ Kd8 61. Qb8+ Kd7 62. Qxg8 Bf3 63. Qg5 Kc6 64. Qxh5 Kb5 65. Qe5 Kc6 66. Kg1 Kb5 67. Kf2 Kc4 68. Ke3 Kb5 69. Kd4 Kc6 70. Qd6+ Kb5 71. Qb6+ Ka4 72. Kc3 1-0

[Event "Titled Tuesday intern op 29th Aug Late"]
[Site "Chess.com INT"]
[Date "2023.08.29"]
[Round "4"]
[White "Vaglio Munoz, Jaime"]
[Black "Seletsky, Grigory"]
[Result "0-1"]
[WhiteElo "2174"]
[BlackElo "2220"]
[PlyCount "144"]
[EventDate "2023.08.29"]
[EventType "swiss (blitz)"]
[EventRounds "11"]
[EventCountry "USA"]
[SourceTitle "EXT 2024"]
[Source "ChessBase"]
[SourceDate "2023.10.10"]
[SourceVersion "1"]
[SourceVersionDate "2023.10.10"]
[SourceQuality "1"]

1. Nf3 d5 2. c4 c6 3. b3 e6 4. Bb2 Nf6 5. g3 Be7 6. Bg2 0-0 7. 0-0 b6 8. d3 Bb7 9. Re1 Nbd7 10. Nbd2 a5 11. e4 dxe4 12. dxe4 Nc5 13. e5 Ne8 14. Qc2 Qd3 15. Rec1 Qxc2 16. Rxc2 Nd3 17. Bc3 Nb4 18. Rcc1 c5 19. Ne1 Bxg2 20. Kxg2 Nc7 21. a3 Nc6 22. f4 Rfd8 23. Ne4 Nd4 24. Bxd4 Rxd4 25. Kf3 f5 26. Nc3 Rd2 27. Ra2 Rad8 28. Rcc2 R2d7 29. Ke3 Kf7 30. Rd2 Ke8 31. Nf3 h6 32. h3 g5 33. Rxd7 Rxd7 34. h4 g4 35. Ng1 Na6 36. Nge2 Nb8 37. Nb5 Nc6 38. Rd2 h5 39. Rxd7 Kxd7 40. Kd3 Kc8 41. Nec3 Kb7 42. Na4 Na7 43. Nxa7 Kxa7 44. Nc3 Kb7 45. Nb5 Kc6 46. Kc3 Bf8 47. Kd3 Be7 48. Nc3 Bd8 49. Na2 b5 50. cxb5+ Kxb5 51. Nc3+ Kc6 52. Kc4 Bb6 53. Nb5 Bd8 54. Nd6 Bxh4 55. Ne8 Bxg3 56. Ng7 h4 57. Nxe6 h3 58. Nxc5 h2 59. e6 Kd6 60. e7 Kxe7 61. Nb7 h1Q 62. Nxa5 Qe4+ 63. Kb5 Bxf4 64. b4 Kd7 65. Nc4 Bc7 66. Kc5 f4 67. b5 f3 68. a4 Qf5+ 69. Kb4 f2 70. a5 f1Q 71. b6 Q1b1+ 72. Kc3 Qfd3# 0-1